000 00615nam a2200205Ia 4500
008 160114s9999 xx 000 0 und d
020 _a0-590100726
050 _aFic
050 _b.C741e 1998
100 _aChardiet, Bernice.
245 4 _aThe Easter ribbit /
_cby Bernice Chardiet ; illustrated by Charles Micucci.
260 _aNew York :
_bScholastic Inc.
_c1998
300 _a1 volume (unpaged) :
_bcolor illustrations ;
_c21 cm.
650 _aEaster --
650 _aEaster stories --
650 _aRabbits --
650 _x Fiction.
650 _xJuvenile fiction.
650 _xJuvenile fiction.
999 _c290371
_d290371